|
|
|
|
| LEADER |
01208nam a22003617a 4500 |
| 005 |
20200624131059.0 |
| 008 |
831208s1968 nyua b 00010 eng |
| 010 |
|
|
|a 67022783 //r832
|a 67022783
|
| 040 |
|
|
|a DLC/ICU
|b eng
|c ICU
|d CaOONL
|
| 050 |
0 |
|
|a QD601
|b .Y3
|
| 051 |
|
|
|c Copy 2.
|
| 082 |
0 |
|
|a 541/.38
|
| 082 |
0 |
0 |
|a 541/.38
|
| 082 |
1 |
|
|a 541.38
|
| 082 |
|
|
|a 541.38
|
| 100 |
1 |
|
|a Yaffe, Leo,
|d 1916-
|
| 245 |
1 |
0 |
|a Nuclear chemistry /
|c edited by L. Yaffe.
|
| 260 |
|
|
|a New York :
|b Academic Press,
|c 1968.
|
| 300 |
|
|
|a 2 v. :
|b ill. ;
|c 24 cm.
|
| 504 |
|
|
|a Includes bibliographies.
|
| 650 |
|
0 |
|a Nuclear chemistry.
|
| 700 |
1 |
|
|a Yaffe, Leo.
|
| 866 |
|
0 |
|a v. 1-2
|
| 866 |
|
0 |
|a V.2; V.1
|
| 866 |
|
0 |
|a v.1-2; v.1-2
|
| 866 |
|
0 |
|a v. 1 v. 2
|
| 866 |
|
0 |
|a 1-2
|
| 866 |
|
0 |
|a #1-2
|
| 866 |
|
0 |
|a v.1-2 ; id=9999
|
| 942 |
|
|
|2 ddc
|c BK
|
| 999 |
|
|
|c 118987
|d 118987
|
| 952 |
|
|
|0 0
|1 0
|2 ddc
|4 0
|6 541_380000000000000_YAF_N_1
|7 0
|9 130445
|a CHE
|b CHE
|c ST1
|d 1985-01-16
|h Vol.1
|i 1659
|l 0
|o 541.38 YAF/N.1
|p CHE1659
|r 2010-03-24
|w 2010-03-24
|y BK
|
| 952 |
|
|
|0 0
|1 0
|2 ddc
|4 0
|6 541_380000000000000_YAF_N_2
|7 0
|9 130446
|a CHE
|b CHE
|c ST1
|d 1985-01-16
|h Vol.2
|i 1741
|l 1
|m 1
|o 541.38 YAF/N.2
|p CHE1741
|r 2019-03-25
|s 2018-10-08
|w 2010-03-24
|y BK
|